Velká Británie. Atlas ekonoma.

Politická a hospodárska situácia vo Veľkej Británii. Mena, zahraničné zadlženie, bankovníctvo, zahraničný obchod. Obchodné styky medzi bývalou ČSFR a Veľkou Britániou.

Gespeichert in:
Bibliographische Detailangaben
1. Verfasser: Hálek, J.
Format: Buchkapitel
Sprache:Tschechisch
Schlagworte:
Tags: Tag hinzufügen
Keine Tags, Fügen Sie das erste Tag hinzu!

MARC

LEADER 00000naa a2200000 4500
001 r012309
005 20220826094718.1
041 0 |a cze 
044 |a CZ 
245 1 0 |a Velká Británie.  |b Atlas ekonoma.  |c J. Hálek 
520 |a Politická a hospodárska situácia vo Veľkej Británii. Mena, zahraničné zadlženie, bankovníctvo, zahraničný obchod. Obchodné styky medzi bývalou ČSFR a Veľkou Britániou. 
610 2 0 |a situácia hospodárska 
610 2 0 |a Veľká Británia 
610 2 0 |a obchod zahraničný 
610 2 0 |a ČSFR 
100 1 |a Hálek, J.